Les situations difficiles au travail : (Record no. 54580)

MARC details
000 -LEADER
fixed length control field 00710nam a22002057a 4500
007 - PHYSICAL DESCRIPTION FIXED FIELD--GENERAL INFORMATION
fixed length control field 00
008 - FIXED-LENGTH DATA ELEMENTS--GENERAL INFORMATION
fixed length control field 160615b xxu||||| |||| 00| 0 eng d
020 ## - INTERNATIONAL STANDARD BOOK NUMBER
International Standard Book Number 978-2-294-73519-6
040 ## - CATALOGING SOURCE
Original cataloging agency BUAC
Transcribing agency BUC
041 ## - LANGUAGE CODE
Language code of text/sound track or separate title Fre.
100 ## - MAIN ENTRY--PERSONAL NAME
Personal name Poirot, Mathieu
245 ## - TITLE STATEMENT
Title Les situations difficiles au travail :
Remainder of title gestion des risques psychosociaux
Statement of responsibility, etc / par Michel Poirot
260 ## - PUBLICATION, DISTRIBUTION, ETC. (IMPRINT)
Place of publication, distribution, etc Issy-les -Moulineaux Cedex :
Name of publisher, distributor, etc Elsevier Masson,
Date of publication, distribution, etc 2013
300 ## - PHYSICAL DESCRIPTION
Extent IV-148 p.
Dimensions 21 cm.
Other physical details couv. en coul. ;
440 ## - SERIES STATEMENT/ADDED ENTRY--TITLE
Title (Collection Pratiques en Psychothérapie) :
Number of part/section of a work (Santé Psy et travail)
Name of part/section of a work par Dominique Servant
630 ## - SUBJECT ADDED ENTRY--UNIFORM TITLE
Uniform title PHILOSOPHIE-PSYCHOLOGIE
650 ## - SUBJECT ADDED ENTRY--TOPICAL TERM
Topical term or geographic name as entry element PSYCHOLOGIE
651 ## - SUBJECT ADDED ENTRY--GEOGRAPHIC NAME
Geographic name Travail : psychologie
942 ## - ADDED ENTRY ELEMENTS (KOHA)
Item type Libre Accès
Source of classification or shelving scheme Dewey Decimal Classification
Holdings
Withdrawn status Lost status Damaged status Not for loan Location (home branch) Sublocation or collection (holding branch) Date acquired Source of acquisition Coded location qualifier Koha issues (times borrowed) Koha full call number Piece designation (barcode) Koha date last seen Copy number Price effective from Koha item type Shelving location Source of classification or shelving scheme
        Bibliothèque Universitaire Centrale Bibliothèque Universitaire Centrale 11/06/2015 Don ARES 16/442   159.9:331 PUI 16-442BUC 15/06/2016 1 15/06/2016 Livre exclu du prêt    
        Bibliothèque Universitaire Centrale Bibliothèque Universitaire Centrale 07/07/2017 Don ARES 17/018   159.9:331 POI 17-018Buc 07/07/2017 2 07/07/2017 Libre Accès    
        Bibliothèque Universitaire Centrale Bibliothèque Universitaire Centrale 12/05/2021 DON ARES 21/0114   159.9 : 331 POI 21-0114Buc 12/05/2021 3 12/05/2021 Libre Accès   Dewey Decimal Classification


© 2008, Bibliothèques de l'Université d'Abomey-Calavi

04 BP 789 Cotonou, Tél. : +229 21 36 01 01, Fax : +229 21 35 06 32

Courriel : bu@bu.uac.bj